Aritmética y Álgebra.
Uloženo v:
| Hlavní autor: | |
|---|---|
| Další autoři: | , , , |
| Médium: | Kniha |
| Jazyk: | španělština |
| Vydáno: |
Cuernavaca, México:
Pearson Educación S. A.,
2016.
|
| Vydání: | Cuarta edición. |
| Témata: | |
| Tagy: |
Přidat tag
Žádné tagy, Buďte první, kdo vytvoří štítek k tomuto záznamu!
|
MARC
| LEADER | 00000cam a2200000 a 4500 | ||
|---|---|---|---|
| 001 | UCC7383 | ||
| 003 | CL-VaPUC | ||
| 005 | 20240610165123.0 | ||
| 008 | 190322e20160000mx |||||||||||||||||spa|d | ||
| 020 | |a 9786073235822 | ||
| 040 | |c Pontificia Universidad Católica de Valparaíso | ||
| 082 | 0 | 4 | |a 513.12 AGU 2016 |b |2 21 |
| 100 | 0 | |a Aguilar Márquez, Arturo |e autor |9 602002 | |
| 245 | 1 | 0 | |a Aritmética y Álgebra. |
| 250 | |a Cuarta edición. | ||
| 260 | |a Cuernavaca, México: |b Pearson Educación S. A., |c 2016. | ||
| 300 | |a XVIII, 691 páginas. | ||
| 583 | |a last modification |c 20190322 14:57:00 |k Rodrigo Vera | ||
| 650 | 0 | |a Aritmética |9 270049 | |
| 650 | 0 | |a Álgebra |9 259567 | |
| 700 | 0 | |a Bravo Vásquez, Fabián Valapai |e autor |9 602003 | |
| 700 | 0 | |a Gallegos Ruiz, Herman Aurelio |e autor |9 602004 | |
| 700 | 0 | |a Cerón Villegas, Miguel |e autor |9 602005 | |
| 700 | 0 | |a Reyes Figueroa, Ricardo |e autor |9 602006 | |
| 942 | |c BK |2 ddc | ||
| 945 | |d 20190322 14:57:00 |a dcastane | ||
| 999 | |c 374047 |d 374045 | ||
| 952 | |0 0 |1 0 |3 erb |4 0 |6 513_120000000000000_AGU_2016 |7 0 |8 A |9 492404 |a BIBING |b BIBING |i 554002K |l 8 |o 513.12 AGU 2016 |p 554002K |r 2025-01-20 |s 2024-04-25 |w 2019-11-24 |y BK |z Catalogado en:20190322 |k ING | ||
| 952 | |0 0 |1 0 |2 ddc |4 0 |6 513_120000000000000_AGU_2016 |7 0 |8 A |9 594970 |a BIBMAT |b BIBMAT |d 2024-06-05 |e 13 |g 115484.00 |i 5661516 |l 1 |o 513.12 AGU 2016 |p 5661516 |r 2025-04-21 |s 2025-04-09 |t 2 |v 115484.00 |w 2024-06-05 |y BK |k MAT | ||